| 000 | 01552nam a2200253 a 4500 | ||
|---|---|---|---|
| 003 | DO-SdBNP | ||
| 005 | 20260505103257.0 | ||
| 007 | ta | ||
| 008 | 220923e2019 dr |||fr||||o001 0 spa d | ||
| 040 |
_aDO-SdBNP _bspa _cBNPHU |
||
| 082 | 4 |
_222 _bT348c |
|
| 110 | 2 |
_959902 _aTeatro Nacional (República Dominicana) |
|
| 245 | 1 | 0 |
_aCódigo de ética institucional. / _cPresentación, Erasmo A. Cáfaro |
| 260 |
_aSanto Domingo : _bComisión de Ética Pública del Teatro Nacional, _c2019 |
||
| 300 |
_a[27] ; _c27 cm. |
||
| 505 |
_aPresentación. _tIntroducción.-- _tAntecedentes.-- _tObjetivo del Código de Ética.-- _tDefiniciones y alcances.-- _tMisión - Visión - Valores.-- _tServicio de Calidad.-- _tResponsabilidad.-- _tTransparencia.-- _tOtros valores.-- _tLealtad y Compromiso.-- _tTrabajo en equipo y respeto.-- _tHonestidad.-- _tFunciones de la Comisión de Ética.-- _tHonestidad.-- _tFunciones de la Comisión de Ética.-- _tNuestros compromisos como colaboradores del Teatro Nacional Eduardo Brito.-- _tLineamientos y Deberes Éticos.-- _tLineamientos Éticos.-- _tSistema de Consecuencias.-- _tConsultas y Denuncias.-- _tProceso disciplinario de los funcionarios.-- _tCertificación de Conocimiento y cumplimiento.-- _tVisto.-- _tConclusión. |
||
| 590 | _aInventariado 2022 / MF | ||
| 650 | 4 |
_aInstituciones públicas _xÉtica _931117 |
|
| 650 | 4 |
_aAdministración Pública _xLegislación _zRepública Dominicana _919963 |
|
| 650 | 0 |
_aFuncionarios públicos _931118 |
|
| 700 |
_aCáfaro, Erasmo A. _epresent. _982429 |
||
| 910 | _aMFeliz | ||
| 942 |
_2ddc _cLF2 |
||
| 999 |
_c52457 _d52457 |
||